[Event "Rybinsk op"]
[Site "Rybinsk"]
[Date "2009.06.19"]
[Round "9"]
[White "Arakelov, Ilya Sergeevich"]
[Black "Toivonen, Alexander"]
[Result "1-0"]
[WhiteElo "2350"]
[BlackElo "2289"]
[PlyCount "85"]
[EventDate "2009.06.14"]
[EventType "swiss"]
[EventRounds "9"]
[EventCountry "RUS"]
[SourceTitle "CBM 131 Extra"]
[Source "ChessBase"]
[SourceDate "2009.09.03"]
[SourceVersion "2"]
[SourceVersionDate "2009.09.16"]
[SourceQuality "1"]

1. d4 d5 2. c4 c6 3. Nc3 Nf6 4. Nf3 e6 5. Bg5 Nbd7 6. e3 Qa5 7. Nd2 Ne4 8. Ndxe4 dxe4 9. Bh4 e5 10. Qc2 Bb4 11. Be2 0-0 12. 0-0 f5 13. c5 exd4 14. exd4 Bxc3 15. bxc3 Nf6 16. f3 Nd5 17. fxe4 Qxc3 18. Qxc3 Nxc3 19. Bc4+ Kh8 20. Rae1 Re8 21. exf5 Rxe1 22. Bxe1 Nd5 23. Bd2 Bd7 24. Bd3 b5 25. g4 a5 26. Kg2 Be8 27. g5 g6 28. f6 Bf7 29. Re1 b4 30. Bc4 Kg8 31. Kg3 Kf8 32. Bxd5 Bxd5 33. Re7 Bxa2 34. Rxh7 Bg8 35. Rb7 Rd8 36. Bf4 Bf7 37. Bc7 Ra8 38. d5 Bxd5 39. Bd6+ Kg8 40. Rg7+ Kh8 41. Be5 Re8 42. Re7 Bf7 43. Rxe8+ 1-0

[Event "Rybinsk op"]
[Site "Rybinsk"]
[Date "2009.06.14"]
[Round "1"]
[White "Arakelov, Ilya Sergeevich"]
[Black "Sergienko, Anton"]
[Result "1-0"]
[WhiteElo "2350"]
[BlackElo "1920"]
[PlyCount "137"]
[EventDate "2009.06.14"]
[EventType "swiss"]
[EventRounds "9"]
[EventCountry "RUS"]
[SourceTitle "CBM 131 Extra"]
[Source "ChessBase"]
[SourceDate "2009.09.03"]
[SourceVersion "2"]
[SourceVersionDate "2009.09.16"]
[SourceQuality "1"]

1. d4 Nf6 2. c4 e6 3. Nf3 b6 4. g3 Bb7 5. Bg2 d5 6. Ne5 Nbd7 7. Nxd7 Qxd7 8. 0-0 Be7 9. Nd2 0-0 10. b3 c5 11. Bb2 Rfd8 12. dxc5 bxc5 13. cxd5 exd5 14. Rc1 d4 15. Bxb7 Qxb7 16. Nc4 Rac8 17. Ne5 Qd5 18. Nd3 Qh5 19. Nf4 Qh6 20. Kg2 Ng4 21. h3 Ne5 22. Nd3 Qe6 23. Nxe5 Qxe5 24. Qd3 f5 25. Rfd1 Qe4+ 26. Kg1 Qxd3 27. Rxd3 Kf7 28. Rc4 Bf8 29. Kf1 g6 30. Ke1 Ke6 31. e3 dxe3 32. Rxe3+ Kf7 33. Re2 Re8 34. Rcc2 Rxe2+ 35. Kxe2 Ke6 36. Kd3 Kd5 37. Bc1 Re8 38. Be3 Re4 39. f3 Re6 40. Bf2 Bd6 41. Rd2 Be5 42. Re2 Rc6 43. f4 Bf6 44. Rc2 Be7 45. Re2 Bf6 46. Re8 a6 47. Rf8 Rd6 48. Rc8 Rc6 49. Ra8 Rd6 50. Ra7 h6 51. h4 h5 52. Ra8 Be7 53. Re8 Bf6 54. Rg8 Bd8 55. Be1 Kc6+ 56. Kc2 Bb6 57. Re8 Kd7 58. Ra8 Bc7 59. Bc3 Rc6 60. Kd3 Rb6 61. Rg8 Re6 62. Kc4 Kc6 63. Be5 Bd6 64. a4 Be7 65. Rc8+ Kb7 66. Rc7+ Kb6 67. a5+ Kxa5 68. Kd3 Rb6 69. Bc3+ 1-0

[Event "Central FO-ch"]
[Site "Gagarin"]
[Date "2009.05.06"]
[Round "8"]
[White "Arakelov, Ilya Sergeevich"]
[Black "Pecheritsa, Vitaly"]
[Result "1/2-1/2"]
[WhiteElo "2350"]
[BlackElo "2318"]
[PlyCount "80"]
[EventDate "2009.05.01"]
[EventType "swiss"]
[EventRounds "9"]
[EventCountry "RUS"]
[SourceTitle "CBM 130 Extra"]
[Source "ChessBase"]
[SourceDate "2009.07.02"]
[SourceVersion "2"]
[SourceVersionDate "2009.07.15"]
[SourceQuality "1"]

1. d4 f5 2. Bg5 g6 3. Nd2 Bg7 4. e3 Nf6 5. Bc4 d6 6. Ngf3 e6 7. Qe2 0-0 8. e4 d5 9. e5 dxc4 10. exf6 Bxf6 11. Bxf6 Qxf6 12. Nxc4 Bd7 13. Nce5 Bc6 14. 0-0 Bxf3 15. Qxf3 c6 16. Qb3 Qe7 17. Rfe1 Re8 18. Nd3 Na6 19. c3 Rab8 20. Re5 Nc7 21. Rae1 Kf7 22. Nf4 Qd6 23. Qd1 c5 24. dxc5 Qxd1 25. Rxd1 Rbd8 26. Ree1 e5 27. Ne2 Ne6 28. b4 Ke7 29. Kf1 e4 30. f3 exf3 31. gxf3 Kf6 32. Kf2 g5 33. Nd4 Nf4 34. Rxe8 Rxe8 35. b5 Re5 36. c6 bxc6 37. bxc6 Rc5 38. Rd2 Rxc3 39. Rc2 Rxc2+ 40. Nxc2 Nd5 1/2-1/2

[Event "Central FO-ch"]
[Site "Gagarin"]
[Date "2009.05.03"]
[Round "4"]
[White "Arakelov, Ilya Sergeevich"]
[Black "Loskutov, Sviatoslav"]
[Result "0-1"]
[WhiteElo "2350"]
[BlackElo "2061"]
[PlyCount "128"]
[EventDate "2009.05.01"]
[EventType "swiss"]
[EventRounds "9"]
[EventCountry "RUS"]
[SourceTitle "CBM 130 Extra"]
[Source "ChessBase"]
[SourceDate "2009.07.02"]
[SourceVersion "2"]
[SourceVersionDate "2009.07.15"]
[SourceQuality "1"]

1. d4 d5 2. c4 e6 3. Nc3 Nf6 4. Bg5 Be7 5. e3 c6 6. Nf3 0-0 7. Qc2 Nbd7 8. Rd1 h6 9. Bh4 dxc4 10. Bxc4 b5 11. Bd3 Bb7 12. 0-0 a6 13. a3 Rc8 14. b4 Re8 15. e4 Nh5 16. Bxe7 Qxe7 17. e5 c5 18. bxc5 Bxf3 19. gxf3 Nxc5 20. dxc5 Qxc5 21. Rc1 Qxe5 22. Rfe1 Qf6 23. Be4 Nf4 24. Kh1 Rc5 25. Rg1 Rec8 26. Qd2 Rxc3 27. Rxc3 Rxc3 28. Qd6 g5 29. Qxa6 Nh3 30. Rf1 Kg7 31. Kg2 Nf4+ 32. Kh1 Qe5 33. a4 bxa4 34. Qxa4 Qc5 35. Qd1 e5 36. Qd2 Qd4 37. Qa2 Qc4 38. Qxc4 Rxc4 39. Re1 Rd4 40. Kg1 Rd2 41. Kf1 Kf6 42. Re3 Ra2 43. Re1 h5 44. Re3 g4 45. fxg4 hxg4 46. Re1 Kg5 47. Bd5 Ra7 48. Bg2 Ra5 49. Bc6 f5 50. f3 gxf3 51. Bxf3 Ng6 52. Kg1 Nh4 53. Bc6 e4 54. Kf2 Kf4 55. Re2 Nf3 56. Bd7 Nxh2 57. Kg2 Ng4 58. Bc8 Ra3 59. Be6 Rg3+ 60. Kf1 Ne3+ 61. Kf2 Rg2+ 62. Ke1 Nc2+ 63. Kd1 Rxe2 64. Kxe2 Nd4+ 0-1

[Event "Rybinsk Yaroslavia op"]
[Site "Rybinsk"]
[Date "2008.06.16"]
[Round "2.1"]
[White "Pischurina, Ekaterina"]
[Black "Arakelov, Ilya Sergeevich"]
[Result "1/2-1/2"]
[WhiteElo "1896"]
[BlackElo "2369"]
[PlyCount "133"]
[EventDate "2008.06.15"]
[EventType "swiss"]
[EventRounds "9"]
[EventCountry "RUS"]
[SourceTitle "EXT 2022"]
[Source "ChessBase"]
[SourceDate "2021.10.06"]
[SourceVersion "1"]
[SourceVersionDate "2021.10.06"]
[SourceQuality "1"]

1. e4 c5 2. Nf3 d6 3. d4 cxd4 4. Nxd4 Nf6 5. Nc3 g6 6. Be3 Bg7 7. f3 0-0 8. Qd2 Nc6 9. 0-0-0 Nxd4 10. Bxd4 Be6 11. Kb1 Qc7 12. h4 Rfc8 13. h5 Qa5 14. hxg6 hxg6 15. Nd5 Qxd2 16. Rxd2 Bxd5 17. exd5 Nd7 18. Bb5 Nf8 19. Re1 a6 20. Ba4 b5 21. Bb3 Bxd4 22. Rxd4 Ra7 23. Rde4 Rcc7 24. a4 Nh7 25. axb5 axb5 26. Rb4 Ra5 27. c3 Nf6 28. Kc2 Kf8 29. Kd3 Rc5 30. Kd4 Ne8 31. Rd1 Nc7 32. Ke3 Na6 33. Rh4 Kg7 34. Rdh1 Nc7 35. Rh7+ Kf6 36. Rd1 Ra6 37. Rd4 e5 38. dxe6 Nxe6 39. Bxe6 Kxe6 40. Re4+ Re5 41. Rxe5+ dxe5 42. Rh4 Kd5 43. Rb4 Kc5 44. Re4 f6 45. f4 exf4+ 46. Rxf4 Kd5 47. Rd4+ Kc5 48. Rf4 Re6+ 49. Kf3 Re1 50. Kf2 Re6 51. Kf3 g5 52. b4+ Kb6 53. Rf5 Rc6 54. Ke4 Rxc3 55. Rxf6+ Kb7 56. Rf5 Rc4+ 57. Kd3 Rxb4 58. Rxg5 Kb6 59. Kc3 Re4 60. Rg8 Ka5 61. Ra8+ Kb6 62. Rg8 Re1 63. Kd2 Rg1 64. Kc3 Rc1+ 65. Kb2 Re1 66. Kb3 Re3+ 67. Kb4 1/2-1/2

[Event "Dubna op"]
[Site "Dubna"]
[Date "2007.08.05"]
[Round "3"]
[White "Larina, Marija"]
[Black "Arakelov, Ilya Sergeevich"]
[Result "0-1"]
[WhiteElo "2092"]
[BlackElo "2389"]
[PlyCount "86"]
[EventDate "2007.08.02"]
[EventType "swiss"]
[EventRounds "14"]
[EventCountry "RUS"]
[SourceTitle "EXT 2008"]
[Source "ChessBase"]
[SourceDate "2007.11.25"]
[SourceVersion "1"]
[SourceVersionDate "2007.11.25"]
[SourceQuality "1"]

1. e4 c5 2. Nf3 d6 3. Nc3 Nc6 4. d4 cxd4 5. Nxd4 g6 6. Be2 Bg7 7. Nb3 Nf6 8. 0-0 0-0 9. Bg5 Be6 10. Kh1 Ne5 11. f4 Nc4 12. f5 Nxb2 13. Qc1 Bc4 14. Qxb2 Bxe2 15. Nxe2 Nxe4 16. f6 Nxf6 17. Nbd4 Qd7 18. Rab1 b6 19. Bxf6 Bxf6 20. c4 Rfc8 21. Qb5 Qd8 22. Nb3 Rc7 23. Ng3 Rac8 24. Rbc1 Bb2 25. Rc2 Be5 26. Ne4 e6 27. Ned2 d5 28. Nf3 Bd6 29. Rfc1 Bf4 30. Rd1 Qe7 31. Rd4 Be3 32. Rd3 Bh6 33. Nfd2 dxc4 34. Rxc4 Rxc4 35. Nxc4 Qh4 36. h3 Qe1+ 37. Kh2 Bf4+ 38. g3 Qe2+ 39. Kh1 Qxd3 40. gxf4 Qxh3+ 41. Kg1 Qg3+ 42. Kh1 Qe1+ 43. Kg2 Qe2+ 0-1

[Event "Rybinsk op"]
[Site "Rybinsk"]
[Date "2007.06.29"]
[Round "8"]
[White "Zhuravlev, A."]
[Black "Arakelov, Ilya Sergeevich"]
[Result "0-1"]
[WhiteElo "2206"]
[BlackElo "2398"]
[PlyCount "50"]
[EventDate "2007.06.25"]
[EventType "swiss"]
[EventRounds "9"]
[EventCountry "RUS"]
[SourceTitle "EXT 2022"]
[Source "ChessBase"]
[SourceDate "2021.10.06"]
[SourceVersion "1"]
[SourceVersionDate "2021.10.06"]
[SourceQuality "1"]

1. d4 Nf6 2. Nf3 g6 3. Nbd2 d5 4. e3 Bg7 5. c3 0-0 6. Bd3 b6 7. b4 Bf5 8. Bxf5 gxf5 9. Ne5 Ne4 10. Qb3 e6 11. 0-0 Bxe5 12. dxe5 Nd7 13. f4 b5 14. Nxe4 fxe4 15. Kh1 f6 16. exf6 Nb6 17. Qd1 Qxf6 18. Bd2 Nc4 19. Qe2 a5 20. Rfc1 Ra7 21. Be1 Rfa8 22. a4 axb4 23. cxb4 Rxa4 24. Rxa4 Rxa4 25. Bc3 Qxc3 0-1

[Event "RUS Central Region-ch"]
[Site "Tula "]
[Date "2007.03.25"]
[Round "9"]
[White "Arakelov, Ilya Sergeevich"]
[Black "Aleshin, Nikolay"]
[Result "1-0"]
[WhiteElo "2399"]
[BlackElo "2228"]
[PlyCount "91"]
[EventDate "2007.03.17"]
[EventType "swiss"]
[EventRounds "9"]
[EventCountry "RUS"]
[SourceTitle "EXT 2008"]
[Source "ChessBase"]
[SourceDate "2007.11.25"]
[SourceVersion "1"]
[SourceVersionDate "2007.11.25"]
[SourceQuality "1"]

1. d4 d5 2. c4 c6 3. Nc3 Nf6 4. Nf3 e6 5. Bg5 Be7 6. e3 Nbd7 7. Qc2 h6 8. Bh4 0-0 9. Rd1 dxc4 10. Bxc4 Nd5 11. Bg3 b5 12. Bb3 Nxc3 13. Qxc3 Qb6 14. Ne5 Nxe5 15. Bxe5 a5 16. 0-0 Ba6 17. Qd3 a4 18. Bc2 g6 19. Qe4 b4 20. Rfe1 b3 21. axb3 axb3 22. Bb1 Bb7 23. Qf4 Kh7 24. Rc1 Ra4 25. h4 f5 26. Bd6 Qd8 27. Bxe7 Qxe7 28. Qe5 Rf7 29. g3 Ba8 30. Rc5 Qd7 31. Rec1 Rg7 32. h5 gxh5 33. d5 Qe7 34. dxe6 h4 35. Bxf5+ Kh8 36. g4 h3 37. Rb5 h2+ 38. Qxh2 Raxg4+ 39. Bxg4 Rxg4+ 40. Kf1 cxb5 41. Qxh6+ Qh7 42. Rc8+ Rg8 43. Qf6+ Qg7 44. Rxg8+ Kxg8 45. Qd8+ Qf8 46. e7 1-0

[Event "RUS Central Region-ch"]
[Site "Tula "]
[Date "2007.03.17"]
[Round "1"]
[White "Rodionov, Alexander1111"]
[Black "Arakelov, Ilya Sergeevich"]
[Result "0-1"]
[WhiteElo "2124"]
[BlackElo "2399"]
[PlyCount "58"]
[EventDate "2007.03.17"]
[EventType "swiss"]
[EventRounds "9"]
[EventCountry "RUS"]
[SourceTitle "EXT 2008"]
[Source "ChessBase"]
[SourceDate "2007.11.25"]
[SourceVersion "1"]
[SourceVersionDate "2007.11.25"]
[SourceQuality "1"]

1. e4 c5 2. Nc3 Nc6 3. g3 g6 4. Bg2 Bg7 5. d3 e6 6. Be3 Nd4 7. Nce2 Nxe2 8. Nxe2 Bxb2 9. Rb1 Bg7 10. Bxc5 d6 11. Bb4 Ne7 12. 0-0 0-0 13. Bc3 Qc7 14. Bxg7 Kxg7 15. d4 e5 16. Qd3 Be6 17. d5 Bd7 18. f4 f6 19. h4 Nc8 20. fxe5 dxe5 21. Kh2 Nd6 22. Bh3 Bxh3 23. Kxh3 Rac8 24. c3 Qd7+ 25. g4 h5 26. Rg1 Rc4 27. Rb4 Rfc8 28. a3 Nxe4 29. Rg2 Rxc3 0-1

[Event "Moscow op 03rd"]
[Site "Moscow"]
[Date "2007.02.04"]
[Round "9"]
[White "Arakelov, Ilya Sergeevich"]
[Black "Zakurdjaeva, Irina"]
[Result "1-0"]
[WhiteElo "2399"]
[BlackElo "2296"]
[PlyCount "141"]
[EventDate "2007.01.27"]
[EventType "swiss"]
[EventRounds "9"]
[EventCountry "RUS"]
[SourceTitle "CBM 116 Extra"]
[Source "ChessBase"]
[SourceDate "2007.03.07"]
[SourceVersion "1"]
[SourceVersionDate "2007.03.07"]
[SourceQuality "1"]

1. d4 d5 2. c4 c6 3. Nc3 Nf6 4. Nf3 dxc4 5. a4 Bf5 6. e3 e6 7. Bxc4 Bb4 8. 0-0 Nbd7 9. Qe2 0-0 10. e4 Bg6 11. Bg5 Bxc3 12. bxc3 Bxe4 13. Ne5 Qa5 14. Nxd7 Nxd7 15. Be7 Rfe8 16. Bb4 Qf5 17. Rfe1 Nf6 18. f3 Bd5 19. Bd3 Qf4 20. Ba3 Red8 21. Kh1 c5 22. Bxc5 b6 23. Ba3 Rac8 24. Bb2 Qc7 25. Qf2 Bc4 26. Bc2 Rd5 27. Kg1 Rh5 28. Qg3 Qxg3 29. hxg3 Rd5 30. Kf2 Rd7 31. a5 b5 32. Bc1 a6 33. Bd2 Ne8 34. Rh1 f5 35. g4 fxg4 36. Rxh7 Nf6 37. Rh4 gxf3 38. gxf3 Kf7 39. Rg1 Bd5 40. Bg6+ Ke7 41. Bd3 Kd6 42. Rh3 Rf8 43. Bc1 Rc8 44. Ba3+ Kc6 45. Rhg3 Kb7 46. Bc5 Rg8 47. Ke3 Bc6 48. c4 bxc4 49. Bxc4 Nd5+ 50. Kf2 Bb5 51. Bb3 Nf4 52. Bb6 g5 53. Rh1 Rdg7 54. Rg4 Rf8 55. Rh6 Bc6 56. Bd1 Bd5 57. Ke3 Bc6 58. Bc5 Rff7 59. Bd6 Nd5+ 60. Kd3 Nf6 61. Rg3 Rh7 62. Rxh7 Nxh7 63. Ke3 Bd5 64. Be5 Bc4 65. Bc2 Kc6 66. Bg6 Rb7 67. Rh3 Nf8 68. Be8+ Kd5 69. Rh8 Nd7 70. Bxd7 Rxd7 71. Rc8 1-0

[Event "Moscow op 03rd"]
[Site "Moscow"]
[Date "2007.02.03"]
[Round "8"]
[White "Sveshnikov, Evgeny"]
[Black "Arakelov, Ilya Sergeevich"]
[Result "1-0"]
[WhiteElo "2504"]
[BlackElo "2399"]
[PlyCount "77"]
[EventDate "2007.01.27"]
[EventType "swiss"]
[EventRounds "9"]
[EventCountry "RUS"]
[SourceTitle "CBM 116 Extra"]
[Source "ChessBase"]
[SourceDate "2007.03.07"]
[SourceVersion "1"]
[SourceVersionDate "2007.03.07"]
[SourceQuality "1"]

1. e4 c5 2. c3 d5 3. exd5 Qxd5 4. Nf3 Nf6 5. d4 Bg4 6. Be2 e6 7. h3 Bh5 8. 0-0 Nc6 9. Be3 cxd4 10. cxd4 Be7 11. Nc3 Qd6 12. Qb3 Qb4 13. Qxb4 Bxb4 14. g4 Bg6 15. Ne5 0-0 16. Nxc6 bxc6 17. Rac1 Nd5 18. Nxd5 cxd5 19. a3 Bd6 20. Rc6 Rfd8 21. Ra6 Rab8 22. Rc1 Kf8 23. b4 Rb7 24. b5 Ke7 25. Bd2 Rdd7 26. Rcc6 Rb6 27. Rcxb6 axb6 28. Rxb6 Rc7 29. Rc6 Ra7 30. Ra6 Rc7 31. b6 Rc2 32. Ra7+ Kd8 33. Ra8+ Ke7 34. Bb4 Rxe2 35. b7 Bxb4 36. axb4 Re1+ 37. Kg2 Be4+ 38. f3 Re2+ 39. Kg1 1-0

[Event "Moscow op 03rd"]
[Site "Moscow"]
[Date "2007.02.01"]
[Round "6"]
[White "Yuzhakov, Oleg"]
[Black "Arakelov, Ilya Sergeevich"]
[Result "0-1"]
[WhiteElo "2221"]
[BlackElo "2399"]
[PlyCount "130"]
[EventDate "2007.01.27"]
[EventType "swiss"]
[EventRounds "9"]
[EventCountry "RUS"]
[SourceTitle "CBM 116 Extra"]
[Source "ChessBase"]
[SourceDate "2007.03.07"]
[SourceVersion "1"]
[SourceVersionDate "2007.03.07"]
[SourceQuality "1"]

1. e4 c5 2. Nf3 d6 3. d4 cxd4 4. Nxd4 Nf6 5. Nc3 g6 6. f3 Bg7 7. Be3 0-0 8. Qd2 Nc6 9. 0-0-0 Nxd4 10. Bxd4 Be6 11. Kb1 Qc7 12. g4 Rfc8 13. h4 Qa5 14. a3 Rab8 15. h5 b5 16. hxg6 hxg6 17. Qg5 d5 18. e5 Nd7 19. Nxd5 Bxd5 20. e6 Nf6 21. exf7+ Bxf7 22. Bd3 Rd8 23. Bxg6 Rd5 24. Bf5 e5 25. Bc3 Rxd1+ 26. Rxd1 Qc7 27. Re1 Re8 28. Bd3 Nd5 29. Bd2 Qc6 30. Qf5 Re6 31. Qh7+ Kf8 32. Be4 Bg6 33. Qh4 Bxe4 34. fxe4 Nf4 35. g5 Kg8 36. Bxf4 exf4 37. Qxf4 Qd6 38. Qxd6 Rxd6 39. Rf1 Re6 40. Rf5 a6 41. Rc5 Rxe4 42. Rc6 a5 43. g6 Kf8 44. Ka2 Ke7 45. Ra6 a4 46. Rc6 Re5 47. Rb6 Rc5 48. Kb1 Be5 49. b3 Bc3 50. Ra6 axb3 51. cxb3 Rg5 52. Kc2 Be5 53. b4 Bd6 54. Rb6 Kd7 55. g7 Rxg7 56. Rxb5 Rg3 57. Kb2 Ke6 58. a4 Be5+ 59. Ka2 Kf5 60. a5 Ke4 61. a6 Bd4 62. Rb7 Kd5 63. a7 Rg8 64. b5 Kc4 65. b6 Rg1 0-1

[Event "Moscow op 03rd"]
[Site "Moscow"]
[Date "2007.01.31"]
[Round "5"]
[White "Arakelov, Ilya Sergeevich"]
[Black "Vorobiov, Evgeny E"]
[Result "0-1"]
[WhiteElo "2399"]
[BlackElo "2563"]
[PlyCount "52"]
[EventDate "2007.01.27"]
[EventType "swiss"]
[EventRounds "9"]
[EventCountry "RUS"]
[SourceTitle "CBM 116 Extra"]
[Source "ChessBase"]
[SourceDate "2007.03.07"]
[SourceVersion "1"]
[SourceVersionDate "2007.03.07"]
[SourceQuality "1"]

1. d4 Nf6 2. c4 d6 3. Nc3 Nbd7 4. e4 e5 5. Nf3 g6 6. Be2 Bg7 7. 0-0 0-0 8. d5 Nh5 9. Re1 a5 10. a3 Nc5 11. Be3 Nf4 12. b4 axb4 13. axb4 Rxa1 14. Qxa1 Ncd3 15. Rb1 Nxe2+ 16. Nxe2 f5 17. Nd2 Qh4 18. Qc3 fxe4 19. Nxe4 Bf5 20. Nd2 Nf4 21. Re1 e4 22. Bd4 e3 23. g3 Nxe2+ 24. Rxe2 Bxd4 25. Qxe3 Bxe3 26. gxh4 Bxd2 0-1

[Event "Rybinsk op"]
[Site "Rybinsk"]
[Date "2006.06.22"]
[Round "2"]
[White "Matveev, Vladimir A"]
[Black "Arakelov, Ilya Sergeevich"]
[Result "0-1"]
[WhiteElo "1966"]
[BlackElo "2395"]
[PlyCount "46"]
[EventDate "2006.06.21"]
[EventType "swiss"]
[EventRounds "9"]
[EventCountry "RUS"]
[SourceTitle "EXT 2008"]
[Source "ChessBase"]
[SourceDate "2007.11.25"]
[SourceVersion "1"]
[SourceVersionDate "2007.11.25"]
[SourceQuality "1"]

1. d4 Nf6 2. c4 c5 3. d5 b5 4. cxb5 a6 5. bxa6 Bxa6 6. Nc3 d6 7. Nf3 g6 8. e4 Bxf1 9. Kxf1 Bg7 10. g3 Nbd7 11. Kg2 0-0 12. Qe2 Qc7 13. Nd2 Rfb8 14. Rb1 Ne8 15. a4 Qa7 16. h4 Qa6 17. Qe3 h5 18. g4 Nef6 19. gxh5 Nxh5 20. b3 Bd4 21. Qg5 Bxc3 22. Qxe7 Nf4+ 23. Kf3 Qe2+ 0-1

[Event "Voronezh op"]
[Site "Voronezh"]
[Date "2005.06.21"]
[Round "9"]
[White "Savchenko, Boris"]
[Black "Arakelov, Ilya Sergeevich"]
[Result "1-0"]
[WhiteElo "2480"]
[BlackElo "2417"]
[PlyCount "129"]
[EventDate "2005.06.12"]
[EventType "swiss"]
[EventRounds "9"]
[EventCountry "RUS"]
[SourceTitle "CBM 106 Extra"]
[Source "ChessBase"]
[SourceDate "2005.07.01"]
[SourceVersion "1"]
[SourceVersionDate "2005.07.01"]
[SourceQuality "1"]

1. e4 c5 2. Nf3 d6 3. d4 cxd4 4. Nxd4 Nf6 5. Nc3 g6 6. f3 Bg7 7. Be3 0-0 8. Qd2 Nc6 9. Bc4 Bd7 10. 0-0-0 Qa5 11. Bb3 Rfc8 12. Kb1 Ne5 13. Bg5 Nc4 14. Bxc4 Rxc4 15. Bxf6 Bxf6 16. Nd5 Qxd2 17. Nxf6+ Kg7 18. Nh5+ Kh6 19. Rxd2 Kxh5 20. Ne2 Be6 21. b3 Rc5 22. c4 Kg5 23. Kb2 Kf6 24. f4 Kg7 25. Nc3 Kf8 26. Rf1 f6 27. Rf3 Rac8 28. Re3 Bf7 29. e5 fxe5 30. fxe5 Rxe5 31. Rxe5 dxe5 32. Rd7 Rb8 33. Rc7 Be6 34. Ne4 Bf5 35. Nc3 Ke8 36. g3 e4 37. Kc1 e3 38. Rc5 Rd8 39. Rd5 e6 40. Rxd8+ Kxd8 41. Kd1 Bg4+ 42. Kc2 Bf5+ 43. Kd1 Bd3 44. Na4 b5 45. cxb5 Bxb5 46. Nb2 Kc7 47. a4 Ba6 48. b4 Kd6 49. b5 Bb7 50. Ke2 Kc5 51. Kxe3 Bd5 52. Nd3+ Kb6 53. Ne5 Bb3 54. Nd7+ Ka5 55. Nf8 h6 56. Nxg6 Kxa4 57. Ne5 Kxb5 58. Kd2 Bd5 59. g4 Kb4 60. h4 Kb3 61. Ke3 Kc3 62. h5 Bb3 63. Nf7 a5 64. Nd6 e5 65. g5 1-0

[Event "Voronezh op"]
[Site "Voronezh"]
[Date "2005.06.19"]
[Round "7"]
[White "Derbenev, Andrey"]
[Black "Arakelov, Ilya Sergeevich"]
[Result "0-1"]
[WhiteElo "2310"]
[BlackElo "2417"]
[PlyCount "92"]
[EventDate "2005.06.12"]
[EventType "swiss"]
[EventRounds "9"]
[EventCountry "RUS"]
[SourceTitle "CBM 106 Extra"]
[Source "ChessBase"]
[SourceDate "2005.07.01"]
[SourceVersion "1"]
[SourceVersionDate "2005.07.01"]
[SourceQuality "1"]

1. d4 Nf6 2. c4 c5 3. Nf3 g6 4. Nc3 Bg7 5. e4 cxd4 6. Nxd4 0-0 7. Be3 Nc6 8. Be2 d6 9. Nc2 Be6 10. f3 Nd7 11. Qd2 Qa5 12. Nd5 Bxd5 13. cxd5 Bxb2 14. dxc6 Bc3 15. cxd7 Rfd8 16. Rd1 Rxd7 17. 0-0 Bxd2 18. Bxd2 Qc5+ 19. Ne3 d5 20. Kf2 dxe4 21. Bb4 Qc6 22. Rxd7 Qxd7 23. Rd1 Qa4 24. Bxe7 exf3 25. Bxf3 Qxa2+ 26. Kg1 Rc8 27. Nd5 h5 28. h4 b5 29. Rf1 a5 30. Bf6 Kh7 31. Be5 Qd2 32. Bf4 Qd3 33. Be4 Qc4 34. Be5 f5 35. Rd1 fxe4 36. Nf6+ Kh6 37. Rd7 g5 38. Nd5 Rc6 39. Bg7+ Kg6 40. Bf8 gxh4 41. Rg7+ Kh6 42. Rd7+ Kg5 43. Be7+ Kg6 44. Bxh4 Qc1+ 45. Kh2 Kf5 46. Rh7 Ke6 0-1

[Event "Vladimir op"]
[Site "Vladimir"]
[Date "2004.08.23"]
[Round "6"]
[White "Zakhartsov, Viacheslav V"]
[Black "Arakelov, Ilya Sergeevich"]
[Result "1-0"]
[WhiteElo "2521"]
[BlackElo "2404"]
[PlyCount "67"]
[EventDate "2004.08.18"]
[EventType "swiss"]
[EventRounds "9"]
[EventCountry "RUS"]
[SourceTitle "EXT 2005"]
[Source "ChessBase"]
[SourceDate "2004.11.15"]
[SourceVersion "1"]
[SourceVersionDate "2004.11.15"]
[SourceQuality "1"]

1. e4 c5 2. Nf3 d6 3. d4 cxd4 4. Nxd4 Nf6 5. Nc3 g6 6. Be3 Bg7 7. f3 0-0 8. Qd2 Nc6 9. Bc4 Bd7 10. 0-0-0 Qa5 11. Bb3 Rfc8 12. h4 Ne5 13. Kb1 Nc4 14. Bxc4 Rxc4 15. Nb3 Qa6 16. e5 Ne8 17. Nd5 Bxe5 18. Nxe7+ Kf8 19. Nd5 Rac8 20. Rc1 Be6 21. Bh6+ Ng7 22. f4 Bf5 23. Nb4 Qa4 24. fxe5 Qxb4 25. Qxb4 Rxb4 26. exd6 Rbc4 27. Ka1 Kg8 28. c3 Ne6 29. Na5 Rg4 30. b4 Nc5 31. Rhd1 Nd3 32. Rxd3 Bxd3 33. d7 Ra8 34. Rd1 1-0